[Event "EU-ch Seniors 65 21st"]
[Site "Lublin"]
[Date "2022.07.13"]
[Round "9"]
[White "Borowik, Ryszard"]
[Black "Kasprzyk, Irena"]
[Result "0-1"]
[WhiteElo "1003"]
[BlackElo "2017"]
[PlyCount "82"]
[EventDate "2022.07.05"]
[EventType "swiss"]
[EventRounds "9"]
[EventCountry "POL"]
[SourceTitle "CBM 209 Extra"]
[Source "ChessBase"]
[SourceDate "2022.09.30"]
[SourceVersion "1"]
[SourceVersionDate "2022.09.30"]
[SourceQuality "1"]

1. d4 d6 2. Nf3 g6 3. e3 Bg7 4. h4 Nf6 5. Be2 c6 6. Nc3 Qc7 7. Ng1 h5 8. Bd2 e5 9. dxe5 dxe5 10. e4 Nbd7 11. Be3 Nf8 12. f3 N6d7 13. Qd2 Ne6 14. g3 Ndc5 15. b4 Nd7 16. Nh3 Ndf8 17. Na4 b5 18. Nc5 a5 19. Ng5 axb4 20. Rg1 Nd4 21. Bxd4 exd4 22. Rd1 f6 23. Qxd4 fxg5 24. Qxb4 Qa5 25. Qxa5 Rxa5 26. Nd3 Bc3+ 27. Kf1 Bh3+ 28. Kf2 Bd4+ 29. Ke1 Bxg1 30. Kd2 Bd4 31. Bf1 Bxf1 32. Rxf1 gxh4 33. gxh4 Ne6 34. f4 Rf8 35. f5 gxf5 36. exf5 Ng7 37. Ne1 Rxf5 38. Rxf5 Nxf5 39. Kd3 Bf2 40. Ng2 Nxh4 41. Nxh4 Bxh4 0-1